[Event "Titled Tuesday intern op 04th Apr Late"]
[Site "Chess.com INT"]
[Date "2023.04.04"]
[Round "8"]
[White "Briscoe, Christopher"]
[Black "Winkels, Marcel"]
[Result "0-1"]
[WhiteElo "2192"]
[BlackElo "1962"]
[PlyCount "68"]
[EventDate "2023.04.04"]
[EventType "swiss (blitz)"]
[EventRounds "11"]
[EventCountry "USA"]
[SourceTitle "EXT 2024"]
[Source "ChessBase"]
[SourceDate "2023.10.10"]
[SourceVersion "1"]
[SourceVersionDate "2023.10.10"]
[SourceQuality "1"]

1. h4 Nf6 2. Rh3 d5 3. Rg3 c5 4. d4 Nc6 5. dxc5 e5 6. Bg5 h6 7. Bxf6 gxf6 8. Rd3 Be6 9. Nc3 d4 10. Ne4 f5 11. Nd6+ Bxd6 12. cxd6 Qxd6 13. Nf3 e4 14. Rxd4 Nxd4 15. Nxd4 0-0-0 16. e3 f4 17. Qd2 fxe3 18. fxe3 Qg3+ 19. Qf2 Qxf2+ 20. Kxf2 Rhg8 21. g3 Kb8 22. Bg2 Bd5 23. b3 b6 24. c4 Bb7 25. a4 Rd6 26. a5 Rf6+ 27. Kg1 Rxg3 28. Kh2 Rg4 29. a6 Ba8 30. Nb5 Rf2 31. Rd1 Rgxg2+ 32. Kh3 Rg8 33. Rd7 Bc6 34. Re7 Bxb5 0-1

[Event "Titled Tuesday intern op 14th Jun Late"]
[Site "Chess.com INT"]
[Date "2022.06.14"]
[Round "8"]
[White "Briscoe, Christopher"]
[Black "Nazaretyan, Tigran"]
[Result "0-1"]
[WhiteElo "2192"]
[BlackElo "2316"]
[PlyCount "46"]
[EventDate "2022.06.14"]
[EventType "swiss (blitz)"]
[EventRounds "11"]
[EventCountry "USA"]
[SourceTitle "EXT 2023"]
[Source "ChessBase"]
[SourceDate "2022.10.05"]
[SourceVersion "1"]
[SourceVersionDate "2022.10.05"]
[SourceQuality "1"]

1. e4 c5 2. Nf3 d6 3. d4 cxd4 4. Nxd4 Nf6 5. Nc3 Nc6 6. Bg5 e6 7. Qd2 a6 8. f4 h6 9. Bh4 Nxe4 10. Nxe4 Qxh4+ 11. g3 Nxd4 12. Qxd4 Qd8 13. 0-0-0 d5 14. c4 Qc7 15. Nc3 dxc4 16. Bxc4 b5 17. Bd5 exd5 18. Rhe1+ Be7 19. Qxg7 Rf8 20. Rxe7+ Kxe7 21. Re1+ Be6 22. Kb1 Kd7 23. Rxe6 Kxe6 0-1

[Event "Titled Tuesday intern op 14th Jun Late"]
[Site "Chess.com INT"]
[Date "2022.06.14"]
[Round "7"]
[White "Krstulovic, Alex"]
[Black "Briscoe, Christopher"]
[Result "0-1"]
[WhiteElo "2413"]
[BlackElo "2192"]
[PlyCount "58"]
[EventDate "2022.06.14"]
[EventType "swiss (blitz)"]
[EventRounds "11"]
[EventCountry "USA"]
[SourceTitle "EXT 2023"]
[Source "ChessBase"]
[SourceDate "2022.10.05"]
[SourceVersion "1"]
[SourceVersionDate "2022.10.05"]
[SourceQuality "1"]

1. e4 c5 2. Nf3 d6 3. d4 cxd4 4. Nxd4 Nf6 5. Nc3 a6 6. Be3 e6 7. g4 d5 8. e5 Ne4 9. Nxe4 dxe4 10. Bg2 Qa5+ 11. Qd2 Qxe5 12. 0-0-0 Be7 13. Bf4 Qd5 14. Kb1 e5 15. c4 Qxd4 16. Qa5 Qxf2 17. Qxe5 Qxg2 18. Rd8+ Kxd8 19. Qc7+ Ke8 20. Qxc8+ Bd8 21. Rd1 Nc6 22. Qxb7 e3 23. Qxa8 Qf3 24. Rxd8+ Ke7 25. Qb7+ Kxd8 26. Qc7+ Ke8 27. Qc8+ Ke7 28. Qc7+ Ke8 29. Qc8+ Nd8 0-1

[Event "Titled Tuesday intern op 14th Jun Late"]
[Site "Chess.com INT"]
[Date "2022.06.14"]
[Round "11"]
[White "Sibilio, Mario"]
[Black "Briscoe, Christopher"]
[Result "0-1"]
[WhiteElo "2279"]
[BlackElo "2192"]
[PlyCount "70"]
[EventDate "2022.06.14"]
[EventType "swiss (blitz)"]
[EventRounds "11"]
[EventCountry "USA"]
[SourceTitle "EXT 2023"]
[Source "ChessBase"]
[SourceDate "2022.10.05"]
[SourceVersion "1"]
[SourceVersionDate "2022.10.05"]
[SourceQuality "1"]

1. e4 c5 2. Nf3 d6 3. b3 Nf6 4. e5 dxe5 5. Nxe5 Qd4 6. Bb5+ Nbd7 7. Nc4 Qe4+ 8. Ne3 a6 9. Be2 e6 10. Bb2 Bd6 11. Bf3 Qg6 12. Nc4 Bc7 13. a4 h5 14. d3 h4 15. h3 Rb8 16. a5 b5 17. axb6 Nxb6 18. Ne5 Qf5 19. Qe2 Bb7 20. Bxb7 Rxb7 21. Rxa6 0-0 22. Ng4 Nbd5 23. Nd2 Nf4 24. Qf3 Rb6 25. Rxb6 Bxb6 26. Nxf6+ gxf6 27. 0-0 Kh7 28. Ne4 Bd8 29. Ra1 Rg8 30. Kf1 Rxg2 31. Ra7 Rg7 32. Nd6 Qxh3+ 33. Qxh3 Nxh3 34. Nxf7 Bb6 35. Ng5+ Kh6 0-1

[Event "ECF Charity Marathon UKR"]
[Site "Chess.com INT"]
[Date "2022.04.02"]
[Round "?"]
[White "Briscoe, Christopher"]
[Black "Punnett, Alan Kenneth"]
[Result "0-1"]
[WhiteElo "2192"]
[BlackElo "2033"]
[PlyCount "110"]
[EventDate "2022.04.02"]
[EventType "swiss (blitz)"]
[EventRounds "74"]
[EventCountry "USA"]
[SourceTitle "CBM 207 Extra"]
[Source "ChessBase"]
[SourceDate "2022.05.31"]
[SourceVersion "1"]
[SourceVersionDate "2022.05.31"]
[SourceQuality "1"]

1. e4 e6 2. d4 d5 3. Nc3 Nf6 4. Bg5 dxe4 5. Nxe4 Be7 6. Bxf6 gxf6 7. Nf3 f5 8. Nc3 a6 9. g3 b5 10. Bg2 Bb7 11. 0-0 0-0 12. Re1 Bf6 13. Qe2 Nd7 14. Ne5 Bxg2 15. Kxg2 b4 16. Na4 Nxe5 17. dxe5 Qd5+ 18. Kg1 Bg7 19. b3 Rfd8 20. Rad1 Qc6 21. Nb2 Rxd1 22. Rxd1 Qe4 23. Qxe4 fxe4 24. Nc4 Bf8 25. Rd7 Rc8 26. Kf1 Kg7 27. Ke2 Kg6 28. Ke3 Bc5+ 29. Kxe4 Bxf2 30. Na5 Bg1 31. Nc6 Ra8 32. h3 a5 33. Rxc7 a4 34. Nxb4 axb3 35. cxb3 Rd8 36. Nd3 Rd4+ 37. Kf3 Rxd3+ 38. Kg2 Bd4 39. Rd7 Rd2+ 40. Kf3 Bc3 41. Rxd2 Bxd2 42. Ke4 Bb4 43. a4 f5+ 44. Kd4 Kg5 45. Kc4 Be1 46. b4 f4 47. gxf4+ Kxf4 48. a5 Kxe5 49. b5 Kd6 50. Kd3 Bxa5 51. Ke2 Bb6 52. Kd1 Ke5 53. Ke2 Ke4 54. h4 e5 55. Kd2 Kd4 0-1

[Event "Titled Tuesday intern op 22nd Feb Late"]
[Site "Chess.com INT"]
[Date "2022.02.22"]
[Round "7"]
[White "Levine, David M"]
[Black "Briscoe, Christopher"]
[Result "0-1"]
[WhiteElo "2068"]
[BlackElo "2192"]
[PlyCount "128"]
[EventDate "2022.02.22"]
[EventType "swiss (blitz)"]
[EventRounds "11"]
[EventCountry "USA"]
[SourceTitle "CBM 207 Extra"]
[Source "ChessBase"]
[SourceDate "2022.05.31"]
[SourceVersion "1"]
[SourceVersionDate "2022.05.31"]
[SourceQuality "1"]

1. d4 Nf6 2. c4 e6 3. g3 d5 4. Bg2 Be7 5. Nf3 0-0 6. 0-0 dxc4 7. Qc2 a6 8. Qxc4 b5 9. Qc2 Bb7 10. Bf4 Nd5 11. Rc1 Nxf4 12. gxf4 Bd6 13. Ng5 g6 14. Bxb7 Ra7 15. Bg2 Bxf4 16. Nf3 Bxc1 17. Qxc1 Nd7 18. Nbd2 Qe7 19. Qc6 e5 20. Nxe5 Nxe5 21. dxe5 Qxe5 22. Qc3 Qxe2 23. Ne4 b4 24. Nf6+ Kh8 25. Qd4 c5 26. Qh4 h5 27. Qg5 Kg7 28. h4 Qxb2 29. Nxh5+ Kh7 30. Rd1 Qe2 31. Nf6+ Kg7 32. Rd6 Re7 33. h5 Qe1+ 34. Kh2 Qe5+ 35. Qxe5 Rxe5 36. Rxa6 Re6 37. Rxe6 fxe6 38. Ne4 c4 39. Nc5 Rf6 40. hxg6 c3 41. Be4 Kh6 42. Kg3 Rf8 43. Nb3 Rc8 44. Bc2 Rc7 45. Kf3 e5 46. Ke3 Kg5 47. Nc1 Kf6 48. Ne2 Ra7 49. Bb3 c2 50. Kd2 Rc7 51. Bxc2 Rc6 52. Bd3 Rd6 53. Ke3 Rc6 54. f3 Rb6 55. Bc2 Rc6 56. Kd2 Rd6+ 57. Ke3 Rc6 58. Kd2 Ra6 59. Bb3 Rc6 60. Ke3 Kxg6 61. Ke4 Kf6 62. Ng3 Rd6 63. Nh5+ Ke7 64. Kxe5 Rd2 0-1

[Event "Titled Tuesday intern op 15th Feb Late"]
[Site "Chess.com INT"]
[Date "2022.02.15"]
[Round "10"]
[White "Briscoe, Christopher"]
[Black "Desideri, Ricardo Maruchi"]
[Result "1-0"]
[WhiteElo "2192"]
[BlackElo "1939"]
[PlyCount "69"]
[EventDate "2022.02.15"]
[EventType "swiss (blitz)"]
[EventRounds "11"]
[EventCountry "USA"]
[SourceTitle "CBM 206 Extra"]
[Source "ChessBase"]
[SourceDate "2022.03.31"]
[SourceVersion "1"]
[SourceVersionDate "2022.03.31"]
[SourceQuality "1"]

1. e4 c5 2. Nf3 d6 3. d4 cxd4 4. Nxd4 Nf6 5. Nc3 a6 6. Bg5 Nbd7 7. Bc4 Qc7 8. Qe2 Ne5 9. Bb3 e6 10. f4 Ned7 11. 0-0-0 Nc5 12. Rhe1 Nxb3+ 13. cxb3 Be7 14. Kb1 0-0 15. e5 dxe5 16. fxe5 Nd5 17. Nxd5 exd5 18. Rc1 Qd7 19. Bxe7 Qxe7 20. Rc3 Be6 21. Rg3 Rac8 22. a3 g6 23. Qe3 Qh4 24. Ka2 Rc7 25. Rf1 Rfc8 26. Nxe6 fxe6 27. Rh3 Qe4 28. Qh6 Qxe5 29. Rhf3 Qg7 30. Qg5 h6 31. Qe3 Kh7 32. Qxe6 Rd8 33. Rf7 Rxf7 34. Rxf7 Rd7 35. Qxd7 1-0

[Event "Titled Tuesday intern op 24th Aug"]
[Site "Chess.com INT"]
[Date "2021.08.24"]
[Round "4"]
[White "Brunner, Nicolas"]
[Black "Briscoe, Christopher"]
[Result "1-0"]
[WhiteElo "2425"]
[BlackElo "2192"]
[PlyCount "83"]
[EventDate "2021.08.24"]
[EventType "swiss (blitz)"]
[EventRounds "11"]
[EventCountry "USA"]
[SourceTitle "EXT 2022"]
[Source "ChessBase"]
[SourceDate "2021.10.06"]
[SourceVersion "1"]
[SourceVersionDate "2021.10.06"]
[SourceQuality "1"]

1. d4 Nf6 2. c4 e6 3. g3 d5 4. Nf3 Be7 5. Bg2 0-0 6. 0-0 dxc4 7. Qc2 a6 8. Qxc4 b5 9. Qc2 Bb7 10. Bd2 Nc6 11. e3 Nb4 12. Bxb4 Bxb4 13. a3 Be4 14. Qc1 Qd5 15. axb4 Bxf3 16. Bxf3 Qxf3 17. Qxc7 Rac8 18. Qf4 Qe2 19. Rxa6 Qxb2 20. Na3 Nd5 21. Qf3 Nxb4 22. Ra5 Nd3 23. Nxb5 Qb4 24. Ra3 Qxb5 25. Qe2 Qb2 26. Qxd3 Rc1 27. Rxc1 Qxc1+ 28. Kg2 Rc8 29. Ra2 h5 30. h4 g6 31. Qe4 Qd1 32. Ra8 Rxa8 33. Qxa8+ Kg7 34. Qf3 Qd2 35. Qe4 Qd1 36. Qe5+ Kg8 37. Qf6 Qd2 38. Qf3 Kg7 39. Qf4 Qd3 40. Qe5+ Kg8 41. e4 Qd2 42. d5 1-0

[Event "Titled Tuesday intern op 17th Aug"]
[Site "Chess.com INT"]
[Date "2021.08.17"]
[Round "1"]
[White "Briscoe, Christopher"]
[Black "Carnicelli, Valerio"]
[Result "0-1"]
[WhiteElo "2192"]
[BlackElo "2254"]
[PlyCount "52"]
[EventDate "2021.08.17"]
[EventType "swiss (blitz)"]
[EventRounds "11"]
[EventCountry "USA"]
[SourceTitle "EXT 2022"]
[Source "ChessBase"]
[SourceDate "2021.10.06"]
[SourceVersion "1"]
[SourceVersionDate "2021.10.06"]
[SourceQuality "1"]

1. e4 e5 2. Nf3 Nc6 3. Bb5 f5 4. d4 fxe4 5. Nxe5 Nxe5 6. dxe5 c6 7. Nc3 cxb5 8. Nxe4 d5 9. exd6 Nf6 10. Bg5 Bf5 11. Bxf6 gxf6 12. Qh5+ Bg6 13. Qxb5+ Kf7 14. Qxb7+ Kg8 15. 0-0-0 Bh6+ 16. Kb1 Rb8 17. Qd5+ Kg7 18. Rhe1 Re8 19. Nc5 Rxe1 20. Rxe1 Bf7 21. Ne6+ Bxe6 22. Rxe6 Kh8 23. d7 Qf8 24. Qc6 Qb4 25. Re8+ Kg7 26. Rxb8 Qe1# 0-1

[Event "Titled Tuesday intern op 10th Aug"]
[Site "Chess.com INT"]
[Date "2021.08.10"]
[Round "8"]
[White "Briscoe, Christopher"]
[Black "Karttunen, Mika"]
[Result "0-1"]
[WhiteElo "2192"]
[BlackElo "2480"]
[PlyCount "90"]
[EventDate "2021.08.10"]
[EventType "swiss (blitz)"]
[EventRounds "11"]
[EventCountry "USA"]
[SourceTitle "CBM 203 Extra"]
[Source "ChessBase"]
[SourceDate "2021.09.30"]
[SourceVersion "1"]
[SourceVersionDate "2021.09.30"]
[SourceQuality "1"]

1. e4 e5 2. Nf3 Nc6 3. Bb5 a6 4. Ba4 Nf6 5. 0-0 b5 6. Bb3 Be7 7. Re1 0-0 8. a4 Rb8 9. c3 d5 10. exd5 Nxd5 11. d4 exd4 12. Nxd4 Nxd4 13. Qxd4 c6 14. axb5 axb5 15. Bxd5 cxd5 16. Bf4 Rb7 17. Nd2 b4 18. Be5 f6 19. Bg3 Bf5 20. Qf4 Bg6 21. Nf3 bxc3 22. bxc3 Bc5 23. Nd4 Re8 24. h4 Rbe7 25. Red1 Re4 26. Qd2 Qb6 27. Rab1 Qa6 28. Qb2 R4e7 29. Ra1 Qc4 30. Qa2 Re1+ 31. Rxe1 Rxe1+ 32. Kh2 Qxa2 33. Rxa2 h5 34. Ra8+ Kh7 35. Ne6 Rxe6 36. Rd8 Be4 37. Rc8 Be7 38. f3 Bf5 39. Bf4 Bg6 40. Rc7 Bf7 41. Rb7 Re2 42. Kg3 Kg6 43. Rc7 Ba3 44. Ra7 Bc5 45. Bb8 Bxa7 0-1

[Event "Titled Tuesday intern op 10th Aug"]
[Site "Chess.com INT"]
[Date "2021.08.10"]
[Round "1"]
[White "Briscoe, Christopher"]
[Black "Machidon, Cristi"]
[Result "1-0"]
[WhiteElo "2192"]
[BlackElo "2264"]
[PlyCount "25"]
[EventDate "2021.08.10"]
[EventType "swiss (blitz)"]
[EventRounds "11"]
[EventCountry "USA"]
[SourceTitle "CBM 203 Extra"]
[Source "ChessBase"]
[SourceDate "2021.09.30"]
[SourceVersion "1"]
[SourceVersionDate "2021.09.30"]
[SourceQuality "1"]

1. e4 c6 2. Nc3 d5 3. Nf3 dxe4 4. Nxe4 Nf6 5. Neg5 Bf5 6. Bc4 e6 7. Ne5 Bg6 8. d4 Nbd7 9. Nxg6 hxg6 10. Qe2 Bd6 11. Nxf7 Qa5+ 12. Bd2 Qh5 13. Nxd6+ 1-0

[Event "Titled Tuesday intern op 10th Aug"]
[Site "Chess.com INT"]
[Date "2021.08.10"]
[Round "4"]
[White "Briscoe, Christopher"]
[Black "Timofeev, Artyom"]
[Result "0-1"]
[WhiteElo "2192"]
[BlackElo "2583"]
[PlyCount "46"]
[EventDate "2021.08.10"]
[EventType "swiss (blitz)"]
[EventRounds "11"]
[EventCountry "USA"]
[SourceTitle "CBM 203 Extra"]
[Source "ChessBase"]
[SourceDate "2021.09.30"]
[SourceVersion "1"]
[SourceVersionDate "2021.09.30"]
[SourceQuality "1"]

1. e4 e6 2. d4 d5 3. Nc3 dxe4 4. Nxe4 Nd7 5. Nf3 Ngf6 6. Nxf6+ Nxf6 7. Bd3 c5 8. c3 cxd4 9. cxd4 Bb4+ 10. Bd2 Be7 11. 0-0 0-0 12. Ne5 Qxd4 13. Bc3 Qb6 14. Qf3 Nd5 15. Bxh7+ Kxh7 16. Qh5+ Kg8 17. Nc4 Qd8 18. Bxg7 Kxg7 19. Rad1 Rh8 20. Qg4+ Kf8 21. Ne5 Bf6 22. Rfe1 Bxe5 23. Rxe5 Qh4 0-1

[Event "Titled Tuesday intern op 10th Aug"]
[Site "Chess.com INT"]
[Date "2021.08.10"]
[Round "6"]
[White "Goryachkina, Aleksandra"]
[Black "Briscoe, Christopher"]
[Result "1-0"]
[WhiteElo "2611"]
[BlackElo "2192"]
[PlyCount "79"]
[EventDate "2021.08.10"]
[EventType "swiss (blitz)"]
[EventRounds "11"]
[EventCountry "USA"]
[SourceTitle "CBM 203 Extra"]
[Source "ChessBase"]
[SourceDate "2021.09.30"]
[SourceVersion "1"]
[SourceVersionDate "2021.09.30"]
[SourceQuality "1"]

1. e4 c5 2. Nf3 d6 3. Bb5+ Nd7 4. Ba4 Rb8 5. c3 Ngf6 6. 0-0 b5 7. Bc2 e5 8. d4 Be7 9. dxe5 dxe5 10. Bg5 0-0 11. Nbd2 Bb7 12. a4 a6 13. Re1 Re8 14. Nf1 h6 15. Bxf6 Bxf6 16. Ne3 g6 17. axb5 axb5 18. c4 bxc4 19. Ba4 Re7 20. Nxc4 Nf8 21. Qc1 Ba6 22. Rd1 Qc7 23. Rd6 Bxc4 24. Rxf6 Be2 25. Qxh6 Ne6 26. h4 Bxf3 27. Rxf3 Nf4 28. h5 Rxb2 29. hxg6 fxg6 30. Bb3+ Rxb3 31. Rxb3 Ne2+ 32. Kf1 Nd4 33. Ra8+ Kf7 34. Qh7+ Ke6 35. Qxg6+ Kd7 36. Qg4+ Kc6 37. Rba3 Nb5 38. R3a6+ Kb7 39. Ra1 Rd7 40. R8a2 1-0

[Event "Titled Tuesday intern op 03rd Aug"]
[Site "Chess.com INT"]
[Date "2021.08.03"]
[Round "3"]
[White "Briscoe, Christopher"]
[Black "Daulyte Cornette, Deimante"]
[Result "0-1"]
[WhiteElo "2192"]
[BlackElo "2408"]
[PlyCount "82"]
[EventDate "2021.08.03"]
[EventType "swiss (blitz)"]
[EventRounds "11"]
[EventCountry "USA"]
[SourceTitle "CBM 203 Extra"]
[Source "ChessBase"]
[SourceDate "2021.09.30"]
[SourceVersion "1"]
[SourceVersionDate "2021.09.30"]
[SourceQuality "1"]

1. e4 Nf6 2. e5 Nd5 3. d4 d6 4. Nf3 dxe5 5. Nxe5 c6 6. Bc4 Nd7 7. 0-0 Nxe5 8. dxe5 Bf5 9. Qf3 e6 10. Bb3 Bc5 11. Nc3 Nxc3 12. Qxc3 Bd4 13. Qg3 0-0 14. c3 Bc5 15. Bg5 Qc7 16. Bf6 Bg6 17. Bg5 a5 18. Rac1 a4 19. Bc2 Be7 20. Bxg6 hxg6 21. Rfe1 Rfd8 22. Rcd1 Bxg5 23. Qxg5 Rd5 24. Rxd5 cxd5 25. Re3 a3 26. b3 d4 27. Rh3 dxc3 28. Qh4 Kf8 29. Qh8+ Ke7 30. Qxg7 Rd8 31. Qf6+ Kd7 32. Qxf7+ Kc8 33. Qxc7+ Kxc7 34. Rxc3+ Kb6 35. h4 Rd1+ 36. Kh2 Rd2 37. b4 Rxa2 38. f3 Kb5 39. Rb3 Ka4 40. Rd3 Rb2 41. Rxa3+ Kxa3 0-1

[Event "Titled Tuesday intern op 03rd Aug"]
[Site "Chess.com INT"]
[Date "2021.08.03"]
[Round "9"]
[White "Havanecz, Bianka"]
[Black "Briscoe, Christopher"]
[Result "0-1"]
[WhiteElo "2257"]
[BlackElo "2192"]
[PlyCount "136"]
[EventDate "2021.08.03"]
[EventType "swiss (blitz)"]
[EventRounds "11"]
[EventCountry "USA"]
[SourceTitle "CBM 203 Extra"]
[Source "ChessBase"]
[SourceDate "2021.09.30"]
[SourceVersion "1"]
[SourceVersionDate "2021.09.30"]
[SourceQuality "1"]

1. d4 Nf6 2. c4 e6 3. Nc3 Bb4 4. Qc2 d5 5. cxd5 exd5 6. Bg5 h6 7. Bh4 0-0 8. e3 c5 9. dxc5 Nbd7 10. Nf3 Qa5 11. Bd3 Ne4 12. Bxe4 dxe4 13. Nd4 Nxc5 14. 0-0 Bxc3 15. bxc3 Re8 16. Rab1 b6 17. Nb3 Qa4 18. Rfd1 Ba6 19. Nd4 Bd3 20. Qxa4 Nxa4 21. Rbc1 Rac8 22. Nf5 Rxc3 23. Nd6 Re6 24. Bg3 a6 25. h4 f6 26. Kh2 g5 27. hxg5 hxg5 28. Rxc3 Nxc3 29. Rd2 b5 30. Rb2 Ne2 31. Nf5 Rb6 32. Bc7 Rb7 33. Bd6 Kf7 34. f3 Nc3 35. fxe4 Nxe4 36. Ba3 Ke6 37. Ng3 Nxg3 38. Kxg3 Be4 39. Bc5 f5 40. Bd4 b4 41. Rd2 a5 42. Bc5 Rd7 43. Bd4 a4 44. Rb2 Rb7 45. Bc5 b3 46. axb3 axb3 47. Bd4 Bc2 48. Kf2 Kd5 49. Ke2 Kc4 50. Kd2 Rb5 51. g3 Ra5 52. Bc3 Ra2 53. Rxa2 bxa2 54. Bd4 Be4 55. Kc1 Kd3 56. Kb2 Ke2 57. Kxa2 Kf3 58. Kb2 Kxg3 59. Kc3 Kf3 60. Kd2 Kf2 61. Be5 g4 62. Bf4 g3 63. Bxg3+ Kxg3 64. Kc3 Kf3 65. Kd4 Ke2 66. Ke5 Kd3 67. Kf4 Ke2 68. Kg3 Kxe3 0-1

[Event "Titled Tuesday intern op 03rd Aug"]
[Site "Chess.com INT"]
[Date "2021.08.03"]
[Round "6"]
[White "Kalashian, David"]
[Black "Briscoe, Christopher"]
[Result "1-0"]
[WhiteElo "2398"]
[BlackElo "2192"]
[PlyCount "80"]
[EventDate "2021.08.03"]
[EventType "swiss (blitz)"]
[EventRounds "11"]
[EventCountry "USA"]
[SourceTitle "CBM 203 Extra"]
[Source "ChessBase"]
[SourceDate "2021.09.30"]
[SourceVersion "1"]
[SourceVersionDate "2021.09.30"]
[SourceQuality "1"]

1. e4 c5 2. Nc3 Nc6 3. Nf3 e5 4. Bc4 Be7 5. d3 Nf6 6. Nd2 a6 7. a4 0-0 8. Nf1 Nb4 9. Bg5 d5 10. Bxf6 dxc4 11. Bxe7 Qxe7 12. dxc4 Qg5 13. Ne3 Rd8 14. Ncd5 Nxd5 15. cxd5 f5 16. exf5 Bxf5 17. 0-0 Be4 18. c4 Rf8 19. Qg4 Qxg4 20. Nxg4 Bd3 21. Rfc1 e4 22. Ne5 Rae8 23. Ng4 h5 24. Ne3 h4 25. h3 Rf6 26. a5 b6 27. b3 Rb8 28. Rc3 Kf7 29. axb6 Rfxb6 30. Ra5 Rxb3 31. Rxb3 Rxb3 32. Rxc5 Ra3 33. Rc7+ Kf6 34. c5 a5 35. d6 Bb5 36. d7 Rd3 37. c6 a4 38. Rc8 a3 39. d8Q+ Rxd8 40. Rxd8 Bxc6 1-0

[Event "Titled Tuesday intern op 06th July"]
[Site "Chess.com INT"]
[Date "2021.07.06"]
[Round "2"]
[White "Tsotsonava, Elene"]
[Black "Briscoe, Christopher"]
[Result "1-0"]
[WhiteElo "1887"]
[BlackElo "2192"]
[PlyCount "73"]
[EventDate "2021.07.06"]
[EventType "swiss (blitz)"]
[EventRounds "11"]
[EventCountry "USA"]
[SourceTitle "EXT 2022"]
[Source "ChessBase"]
[SourceDate "2021.10.06"]
[SourceVersion "1"]
[SourceVersionDate "2021.10.06"]
[SourceQuality "1"]

1. e4 c5 2. Nf3 d6 3. d4 cxd4 4. Nxd4 Nf6 5. Nc3 a6 6. Bg5 Nbd7 7. Qe2 g6 8. 0-0-0 Bg7 9. f4 0-0 10. e5 dxe5 11. fxe5 Qa5 12. Bxf6 exf6 13. e6 Ne5 14. exf7+ Rxf7 15. Nb3 Qb4 16. Nd5 Qg4 17. Nb6 Qf4+ 18. Kb1 Bg4 19. Qd2 Qxd2 20. Rxd2 Re8 21. h3 Bf5 22. Nc4 Rc7 23. Nd6 Rd8 24. Nxf5 Rxd2 25. Nxd2 gxf5 26. Be2 Bh6 27. Nb3 Nc4 28. Rf1 Ne3 29. Rf3 Nxc2 30. Rxf5 Nd4 31. Rxf6 Nxb3 32. axb3 Rc1+ 33. Ka2 Bg7 34. Bc4+ Kh8 35. Rd6 h6 36. Rd8+ Kh7 37. Bd3# 1-0